| 000 | 02579cam a22005414a 4500 | ||
|---|---|---|---|
| 001 | 88611 | ||
| 005 | 20230410103924.0 | ||
| 008 | 070215s2007 nyub b 001 0 eng | ||
| 010 | _a 2007271313 | ||
| 035 | _a(OCoLC)ocm84904295 | ||
| 040 |
_aDLC _cDLC _dYDXCP _dBAKER _dBTCTA _dIXA _dOMB _dJBO _dXVF |
||
| 020 | _a9781400075171 | ||
| 020 | _a1400075173 | ||
| 029 | 1 |
_aYDXCP _b2502603 |
|
| 029 | 1 |
_aAU@ _b000041291093 |
|
| 035 | _a(OCoLC)84904295 | ||
| 042 | _apcc | ||
| 043 |
_aaw----- _an-us--- |
||
| 050 | 1 | 4 |
_a439 DS 62.8 _bF538gr 2007 |
| 082 | 0 | 0 | _a956.04 |
| 049 | _aGRAL | ||
| 100 | 1 | _aFisk, Robert. | |
| 245 | 1 | 4 |
_aThe great war for civilisation : _bthe conquest of the Middle East / _cRobert Fisk. |
| 250 | _a1st Vintage Books ed. | ||
| 260 |
_aNew York : _bVintage Books, _c2007. |
||
| 300 |
_a1111 p. : _bmaps ; _c24 cm. |
||
| 504 | _aIncludes bibliographical references (p. 1043-1063) and index. | ||
| 505 | 0 | _a"One of our brothers had a dream ..." -- "They shoot Russians" -- The choirs of Kandahar -- The carpet-weavers -- The path to war -- "The whirlwind war" -- "War against war" and the fast train to paradise -- Drinking the poisoned chalice -- "Sentenced to suffer death" -- The first holocaust -- Fifty thousand miles from Palestine -- The last colonial war -- The girl and the child and love -- "Anything to wipe out a devil ..." -- Planet damnation -- Betrayal -- The land of graves -- The plague -- Now thrive the armourers ... -- Even to kings, he comes ... -- Why? -- The die is cast -- Atomic dog, annihilator, arsonist, anthrax, anguish and agamemnon -- Into the wilderness. | |
| 651 | 0 |
_aMiddle East _xHistory, Military _y20th century. |
|
| 651 | 0 |
_aMiddle East _xHistory, Military _y21st century. |
|
| 650 | 0 |
_aWar and society _zMiddle East. |
|
| 651 | 0 |
_aMiddle East _xColonization. |
|
| 651 | 0 |
_aUnited States _xRelations _zMiddle East. |
|
| 651 | 0 |
_aMiddle East _xRelations _zUnited States. |
|
| 651 | 4 |
_aMedio Oriente _xHistoria military _ySiglo XX. |
|
| 651 | 4 |
_aMedio Oriente _xHistoria militar _ySiglo 20. |
|
| 651 | 4 |
_aMedio Oriente _xHistoria militar _ySiglo 21. |
|
| 650 | 4 |
_aGuerra y sociedad _zMedio Oriente. |
|
| 650 | 4 |
_aMedio Oriente _xColonización. |
|
| 650 | 4 |
_aEstados Unidos _xRelaciones _zMedio Oriente. |
|
| 650 | 4 |
_aMedio Oriente _xRelaciones _zEstados Unidos. |
|
| 938 |
_aYBP Library Services _bYANK _n2502603 |
||
| 938 |
_aBaker & Taylor _bBKTY _c20.00 _d15.00 _i1400075173 _n0006891214 _sactive |
||
| 938 |
_aBaker and Taylor _bBTCP _n2007271313 |
||
| 942 |
_2lcc _cbk |
||
| 994 |
_aC0 _bDRFGD |
||
| 946 | _anc | ||
| 999 |
_c28486 _d28486 |
||